书目信息 |
| 题名: |
大学管理心理学
|
|
| 作者: | 张景莹 主编 | |
| 分册: | ||
| 出版信息: | 北京 清华大学出版社 1993 |
|
| 页数: | 453页 | |
| 开本: | 20cm | |
| 丛书名: | 大学心理学丛书 | |
| 单 册: | ||
| 中图分类: | G647 , B84 | |
| 科图分类: | ||
| 主题词: | 高校管理--管理心理学 , 心理学 | |
| 电子资源: | ||
| ISBN: | 7-302-01309-8 | |
| 000 | 00946nam0 2200277 450 | |
| 001 | 1551004283 | |
| 005 | 20150124141055.84 | |
| 010 | @a7-302-01309-8@dCNY12.50 | |
| 100 | @a20021005d1993 em y0chiy0110 ea | |
| 101 | 0 | @achi |
| 102 | @aCN@b110000 | |
| 105 | @ay z 000yy | |
| 200 | 1 | @a大学管理心理学@9da xue guan li xin li xue@f张景莹主编 |
| 210 | @a北京@c清华大学出版社@d1993 | |
| 215 | @a453页@d20cm | |
| 225 | 2 | @a大学心理学丛书 |
| 304 | @a张景莹(1924~ ),河南巩县人,国家高级教育行政学院心理学副教授,中国高等教育管理研究会理事会理事及大学心理学专业委员会主任委员 | |
| 330 | @a包括大学管理心理学的对象、任务和方法,大学管理心理学的几个基本理论问题,激励理论与应用,社会认知,社会态度等16章。 | |
| 461 | 0 | @12001 @a大学心理学丛书 |
| 606 | 0 | @a高校管理@x管理心理学 |
| 606 | 0 | @a心理学 |
| 690 | @aG647@v5 | |
| 690 | @aB84@v4 | |
| 701 | 0 | @a张景莹@9zhang jing ying@4主编 |
| 801 | 0 | @aCN@bTSSF@c20150115 |
| 905 | @aZUCC@dB84@eJY264 | |
| 大学管理心理学/张景莹主编.-北京:清华大学出版社,1993 |
| 453页;20cm.-(大学心理学丛书) |
| ISBN 7-302-01309-8:CNY12.50 |
| 包括大学管理心理学的对象、任务和方法,大学管理心理学的几个基本理论问题,激励理论与应用,社会认知,社会态度等16章。 |
| ● |
| 相关链接 |
|
|
|
|
正题名:大学管理心理学
索取号:B84/JY264
 
预约/预借
| 序号 | 登录号 | 条形码 | 馆藏地/架位号 | 状态 | 备注 |
| 1 | 7859084 | 278590847 | 学院路分馆/ [索取号:B84/JY264] | 在馆 | |
| 2 | 7859085 | 278590856 | 学院路分馆/ [索取号:B84/JY264] | 在馆 | |
| 3 | 7859086 | 278590865 | 学院路分馆/ [索取号:B84/JY264] | 在馆 | |
| 4 | 7859087 | 278590874 | 学院路分馆/ [索取号:B84/JY264] | 在馆 |